| 000 | 00508nam a22002057a 4500 | ||
|---|---|---|---|
| 999 |
_c7847 _d7847 |
||
| 001 | 7847 | ||
| 003 | BD-JhCC | ||
| 005 | 20180214170817.0 | ||
| 008 | 180214s1979 bg ||||| |||| 00| 0 ben d | ||
| 035 | _a(BD-JhCC)7847 | ||
| 040 |
_aBD-JhCC _dBD-JhCC |
||
| 041 | _aeng | ||
| 082 |
_a001 _bPAT 1979 |
||
| 100 | _aPatwary, S. U. | ||
| 245 |
_aStandard General Knowledge / _cS. U. Patwary |
||
| 260 |
_aDhaka : _bBani Bhaban, _c1979. |
||
| 300 |
_amul. _c21 cm. |
||
| 650 | _aGeneral Knowledge | ||
| 942 |
_2ddc _cBK |
||